000 00823nam a2200253Ia 4500
003 OSt
005 20220930093902.0
006 a|||||r|||| 00| 0
007 ta
008 220926b |||||||| |||| 00| 0 eng d
024 _a62952
037 _cTheses
040 _aCRL
_cCRL
_beng
041 _2eng
_aeng
100 _aBatra Shivani Au.
_9553617
110 _aUniversity of Delhi. Faculty of Science. Department of Home Science
245 0 _aAssessment of carbon footprint and water footprint of garment manufactuing units under ogtc
260 _c2018
300 _a229p.xlviii
_ap.
_ccm.
700 _a Chanana Bhawana Gu.
_9553618
700 _aUniversity of Delhi. Faculty of Science. Department of Home Science
942 _cDIS
_2CC
999 _c886160
_d886160